[Event "Tourn. n10178"]
[Site "www.echecsemail.com"]
[Date "2019.09.03"]
[Round "1"]
[White "Estonia"]
[Black "Kevinking"]
[WhiteElo "2010"]
[BlackElo "1990"]
[Result "0-1"]
[Round "1"]
1.e4 e6
2.d4 d5
3.Nb1d2 Ng8f6
4.e5 Nf6d7
5.f4 c5
6.Bf1b5 a6
7.Bb5xd7 Nb8xd7
8.Ng1f3 cxd4
9.Nd2b3 Bf8e7
10.Nf3xd4 Nd7c5
11.O-O Bc8d7
12.Bc1e3 Nc5e4
13.Nb3d2 Ne4c5
14.Nd4b3 Ra8c8
15.Be3xc5 Be7xc5
16.Nb3xc5 Rc8xc5
17.Nd2b3 Rc5c8
18.a4 b6
19.Nb3d4 O-O
20.b4 f6
21.Qd1d3 Rc8c4
22.c3 Qd8c7
23.Rf1f3 fxe5
24.fxe5 Rf8xf3
25.Qd3xf3 Rc4xc3
26.Qf3h5 Qc7c4
27.Ra1f1 Qc4xd4
28.Kh1 g6
29.Qh5h6 Rc3c8
30.h4 Qd4xe5
31.a5 bxa5
32.bxa5 Qe5g7
33.Qh6g5 Rc8f8
34.Rf1b1 Bd7b5
35.Rb1e1 Rf8f1
36.Re1xf1 Bb5xf1
37.Qg5d8 Kf7
38.g4 Qg7f6
{ resign }
0-1

[Event "Tourn. n10178"]
[Site "www.echecsemail.com"]
[Date "2019.09.03"]
[Round "1"]
[White "Kevinking"]
[Black "Malbertan"]
[WhiteElo "1990"]
[BlackElo "2060"]
[Result "1-0"]
[Round "1"]
1.e4 e5
2.Ng1f3 Nb8c6
3.Bf1c4 Ng8f6
4.Nb1c3 Bf8c5
5.d3 d6
6.h3 O-O
7.Bc1d2 Bc8e6
8.O-O Qd8d7
9.Kh2 a6
10.Nc3d5 Nf6e8
11.Nd5e3 Be6xc4
12.Ne3xc4 f5
13.exf5 Qd7xf5
14.Nc4e3 Qf5h5
15.g4 Qh5f7
16.Ne3f5 Nc6e7
17.Nf3h4 Ne8f6
18.Qd1e2 Ne7g6
19.f4 Ng6xh4
20.Nf5xh4 Qf7e7
21.Ra1e1 Ra8e8
22.Nh4f5 Qe7d7
23.Qe2f3 exf4
24.Bd2xf4 Re8xe1
25.Rf1xe1 d5
26.d4 Bc5b6
27.Re1e7 Qd7d8
28.Re7xg7 Kh8
29.Bf4e5 { resign }
1-0

[Event "Match"]
[Site "www.echecsemail.com"]
[Date "2019.09.03"]
[Round "1"]
[White "Apdash"]
[Black "Liencam2"]
[WhiteElo "2190"]
[BlackElo "2230"]
[Result "1-0"]
[Round "1"]
1.e4 c5
2.Ng1f3 e6
3.d4 cxd4
4.Nf3xd4 a6
5.Bf1c4 Ng8f6
6.e5 Qd8a5
7.c3 Qa5xe5
8.Bc1e3 Qe5c7
9.Nb1d2 Bf8e7
10.Qd1e2 d5
11.Bc4b3 Nb8d7
12.O-O Nd7c5
13.Bb3c2 Be7d6
14.f4 Bc8d7
15.a4 O-O
16.g4 e5
17.fxe5 Bd6xe5
18.h3 Ra8b8
19.Nd4f3 Rf8e8
20.Qe2f2 Be5g3
21.Qf2e2 Bd7xg4
22.hxg4 Nf6xg4
23.Bc2xh7 Kh8
24.Nf3g5 Ng4h6
25.Bh7c2 Qc7e5
26.Rf1f3 Bg3f4
27.Rf3xf4 Qe5xf4
28.Be3xf4 Re8xe2
29.Bf4xb8 Re2xd2
30.Ra1c1 Kg8
31.Bb8f4 Rd2e2
32.b4 Nc5e4
33.Ng5xe4 dxe4
34.Kf1 Re2xc2
35.Rc1xc2 f5
36.Bf4xh6 gxh6
37.Rc2f2 e3
38.Rf2xf5 { resign }
1-0

[Event "Tourn. n10165"]
[Site "www.echecsemail.com"]
[Date "2019.09.03"]
[Round "1"]
[White "Obisporey"]
[Black "Ssharp"]
[WhiteElo "2600"]
[BlackElo "2330"]
[Result "1/2-1/2"]
[Round "1"]
1.e4 e6
2.d4 d5
3.Nb1c3 Bf8b4
4.e5 c5
5.a3 Bb4xc3
6.bxc3 Qd8c7
7.a4 Nb8c6
8.Bc1a3 b6
9.Ng1f3 Ng8e7
10.dxc5 Nc6xe5
11.Bf1b5 Bc8d7
12.O-O Ne5xf3
13.Qd1xf3 bxc5
14.Bb5xd7 Qc7xd7
15.c4 Ra8c8
16.cxd5 Qd7xd5
17.Rf1b1 Qd5xf3
18.gxf3 Kd7
19.Rb1b7 Rc8c7
20.Ra1d1 Kc8
21.Rb7xc7 Kxc7
22.Ba3xc5 Ne7c6
23.Kg2 Rh8d8
24.Rd1xd8 Kxd8
25.Kg3 a6
26.Kf4 f6
27.Ke4 g6
28.f4 Kd7
29.Bc5d4 f5
{ draw }
1/2-1/2

[Event "Tourn. n10165"]
[Site "www.echecsemail.com"]
[Date "2019.09.03"]
[Round "1"]
[White "Drawlward"]
[Black "Obisporey"]
[WhiteElo "2720"]
[BlackElo "2600"]
[Result "0-1"]
[Round "1"]
1.e4 c6
2.d4 d5
3.e5 Bc8f5
4.Ng1f3 e6
5.Bf1e2 Nb8d7
6.O-O Bf5g6
7.a4 Ng8e7
8.a5 Ne7f5
9.c3 f6
10.b4 fxe5
11.dxe5 Qd8c7
12.g4 Nf5e7
13.a6 c5
14.Nf3g5 cxb4
15.Ng5xe6 Qc7xe5
16.axb7 Ra8b8
17.Ra1a6 Rb8xb7
18.f4 Qe5b8
19.f5 Bg6f7
20.Bc1f4 Qb8c8
21.Qd1a4 bxc3
22.Nb1a3 h6
23.Be2b5 h5
24.Rf1e1 c2
25.Re1c1 g5
26.Bf4e5 { time. }
0-1

[Event "Tourn. n10195"]
[Site "www.echecsemail.com"]
[Date "2019.09.04"]
[Round "1"]
[White "Mitja"]
[Black "Amaya"]
[WhiteElo "1860"]
[BlackElo "2030"]
[Result "0-1"]
[Round "1"]
1.d4 Ng8f6
2.e3 d6
3.c3 Nb8d7
4.Ng1f3 e5
5.dxe5 dxe5
6.Bf1e2 Bf8d6
7.b3 O-O
8.Bc1b2 h6
9.h3 Qd8e7
10.O-O Nd7c5
11.Nb1a3 a6
12.Na3c4 Rf8d8
13.Nc4xd6 Rd8xd6
14.Qd1c2 Nc5e4
15.a4 Bc8f5
16.Qc2c1 Ne4c5
17.Nf3d2 Nf6e4
18.Rf1d1 Ne4xd2
{ resign }
0-1

[Event "Tourn. n10145"]
[Site "www.echecsemail.com"]
[Date "2019.09.04"]
[Round "1"]
[White "Pdebonis"]
[Black "Dougbeer"]
[WhiteElo "2730"]
[BlackElo "2540"]
[Result "1-0"]
[Round "1"]
1.e4 c5
2.Ng1f3 Nb8c6
3.d4 cxd4
4.Nf3xd4 Ng8f6
5.Nb1c3 e5
6.Nd4b5 d6
7.Bc1g5 a6
8.Nb5a3 b5
9.Bg5xf6 gxf6
10.Nc3d5 f5
11.Bf1d3 Bc8e6
12.O-O Be6xd5
13.exd5 Nc6e7
14.Na3xb5 Bf8g7
15.Nb5c3 e4
16.Bd3e2 Ne7g6
17.Ra1b1 O-O
18.f3 Bg7e5
19.Qd1e1 Qd8b6
20.Kh1 e3
21.Be2d3 f4
22.Nc3e2 Be5xb2
23.g3 Ra8b8
24.gxf4 f5
25.Rf1g1 Qb6c5
26.Qe1f1 Qc5xd5
27.Qf1h3 a5
28.Rb1d1 a4
29.Bd3e4 Qd5c5
30.Rd1d5 Qc5c4
31.Be4xf5 Rf8xf5
32.Rd5xf5 Qc4xe2
33.Rf5h5 Qe2xc2
34.Qh3e6 Kh8
35.f5 Ng6f4
36.Rh5xh7 { resign }
1-0

[Event "Match"]
[Site "www.echecsemail.com"]
[Date "2019.09.04"]
[Round "1"]
[White "Joseph1983"]
[Black "Tonino1"]
[WhiteElo "2240"]
[BlackElo "2130"]
[Result "1-0"]
[Round "1"]
1.d4 d6
2.e4 Ng8f6
3.Nb1c3 c6
4.Ng1f3 Qd8a5
5.Bf1d3 e5
6.dxe5 dxe5
7.O-O g6
8.Qd1e2 Bf8g7
9.Bc1g5 O-O
10.Bd3c4 b5
11.Bc4b3 b4
12.Nc3a4 Bc8a6
13.Qe2e3 Ba6xf1
14.Ra1xf1 Nb8d7
15.h3 c5
16.Qe3e2 Ra8c8
17.Nf3d2 h6
18.Bg5h4 g5
19.Bh4g3 Nf6e8
20.Nd2c4 Qa5a6
21.Rf1d1 Rc8c7
22.Rd1xd7 Rc7xd7
23.Na4xc5 Qa6c6
24.Nc5xd7 Qc6xd7
25.Bg3xe5 Bg7xe5
26.Nc4xe5 Qd7d4
27.Ne5g6 Kg7
28.Ng6xf8 Kxf8
29.Qe2h5 Qd4g7
30.e5 Ne8c7
31.g3 Nc7b5
32.c3 bxc3
33.bxc3 Nb5xc3
34.Qh5f3 Nc3b5
35.Qf3a8  { time }
1-0

[Event "Match"]
[Site "www.echecsemail.com"]
[Date "2019.09.04"]
[Round "1"]
[White "Ditto"]
[Black "Eeze"]
[WhiteElo "1770"]
[BlackElo "1930"]
[Result "1-0"]
[Round "1"]
1.d4 d5
2.Ng1f3 h6
3.Bc1f4 Ng8f6
4.e3 Bc8g4
5.Bf1e2 c6
6.Nb1d2 Nf6e4
7.h3 Bg4h5
8.Nf3e5 Bh5xe2
9.Qd1xe2 Ne4f6
10.O-O Nb8d7
11.Nd2f3 Nf6e4
12.Ra1c1 e6
13.c4 Nd7xe5
14.Bf4xe5 f6
15.Be5h2 Bf8d6
16.Nf3h4 Bd6xh2
17.Kxh2 Qd8d6
18.f4 O-O-O
19.c5 Qd6c7
20.b4 Qc7f7
21.f5 exf5
22.Nh4xf5 Qf7c7
23.Nf5d6 Ne4xd6
24.cxd6 Qc7xd6
25.Kh1 Qd6xb4
26.Rc1b1 Qb4e7
27.Rf1e1 f5
28.a4 Rd8d7
29.Qe2c2 g6
30.Qc2c3 g5
31.Qc3a5 Kb8
32.Qa5c3 Qe7f6
33.a5 g4
34.hxg4 Qf6h4
35.Kg1 Qh4xg4
36.Qc3xc6 Rh8h7
37.Re1c1 Qg4g8
38.Rb1b5 Rd7c7
39.Qc6d6 Kc8
40.Rc1f1 Rh7g7
41.Rf1f2 Rg7g6
42.Qd6f4 Rg6g5
43.Kf1  { time }
1-0

[Event "Match"]
[Site "www.echecsemail.com"]
[Date "2019.09.04"]
[Round "1"]
[White "Ditto"]
[Black "Jackbauer"]
[WhiteElo "1870"]
[BlackElo "1950"]
[Result "0-1"]
[Round "1"]
1.d4 d5
2.Ng1f3 Nb8c6
3.Bc1f4 h6
4.e3 Ng8f6
5.Bf1b5 Bc8d7
6.O-O a6
7.Bb5d3 e6
8.c3 Bf8e7
9.Nf3e5 b5
10.Nb1d2 Nc6xe5
11.Bf4xe5 O-O
12.Nd2f3 Bd7c6
13.Bd3c2 Bc6b7
14.Qd1d3 g6
15.Nf3h4 Nf6e4
16.Nh4f3 f5
17.Nf3e1 { time. }
0-1

[Event "Tourn. n10173"]
[Site "www.echecsemail.com"]
[Date "2019.09.04"]
[Round "1"]
[White "D4minance"]
[Black "Rons"]
[WhiteElo "2830"]
[BlackElo "2640"]
[Result "1-0"]
[Round "1"]
1.d4 Ng8f6
2.c4 e6
3.g3 c5
4.d5 exd5
5.cxd5 d6
6.Nb1c3 g6
7.Bf1g2 Bf8g7
8.Ng1f3 O-O
9.O-O Rf8e8
10.Rf1e1 Nb8a6
11.Nf3d2 Na6c7
12.a4 b6
13.e4 Nf6d7
14.Nd2c4 Nd7e5
15.Nc4xe5 Bg7xe5
16.Bc1f4 Be5xf4
17.gxf4 Ra8b8
18.Qd1d2 Qd8e7
19.Re1e3 Re8d8
20.f5 b5
21.Re3h3 bxa4
22.Qd2h6 f6
23.Rh3g3 Qe7g7
24.Qh6d2 Bc8d7
25.Nc3xa4 a6
26.fxg6 hxg6
27.e5 dxe5
28.d6 Nc7e6
29.Bg2d5 Rd8c8
30.Qd2e3 Rb8b5
31.f4 exf4
32.Bd5xe6 Kf8
33.Qe3xf4 Bd7xe6
34.Ra1e1 Rc8e8
35.Qf4f2 Qg7f7
36.Na4xc5 Kg7
37.b3 Be6d7
38.Re1xe8 Bd7xe8
39.Qf2d4 Rb5xc5
40.Qd4xc5 Qf7e6
41.Kf2 Qe6e4
42.Rg3e3 Qe4h4
43.Ke2 Be8b5
44.Kd1 Qh4xh2
45.Re3e7 Kh6
46.Qc5d4 Qh2g3
47.Kc2 Kh5
48.Qd4xf6 Qg3d3
49.Kc1 { resign }
1-0

[Event "Tourn. n10183"]
[Site "www.echecsemail.com"]
[Date "2019.09.04"]
[Round "1"]
[White "Jose"]
[Black "Conde7"]
[WhiteElo "2810"]
[BlackElo "2870"]
[Result "1/2-1/2"]
[Round "1"]
1.e4 e5
2.Ng1f3 Nb8c6
3.Bf1c4 Ng8f6
4.d3 Bf8c5
5.O-O a6
6.c3 d6
7.a4 h6
8.Rf1e1 Bc5a7
9.Nb1d2 g5
10.b4 Nf6h7
11.Nd2f1 g4
12.Nf3d2 h5
13.Nd2b3 Nh7g5
14.d4 Qd8f6
15.Nf1e3 Nc6e7
16.Ne3d5 Ne7xd5
17.exd5 h4
18.Ra1a2 Rh8g8
19.dxe5 dxe5
20.Bc1xg5 Rg8xg5
21.Nb3c5 Qf6e7
22.Ra2e2 Bc8d7
23.Nc5xb7 g3
24.Nb7c5 Ba7xc5
25.bxc5 Qe7xc5
26.Qd1d4 Qc5xd4
27.cxd4 Bd7xa4
28.Re2a2 gxf2
29.Kxf2 Ba4d7
30.dxe5 a5
31.Re1e4 Ke7
32.Ke3 a4
33.Ra2f2 Ra8a5
34.d6 Kd8
35.Rf2xf7 Ra5xe5
36.Rf7f8 Re5e8
37.Rf8xe8 Bd7xe8
38.dxc7 Kxc7
39.Re4xe8 Rg5xg2
{ draw }
1/2-1/2

[Event "Tourn. n10178"]
[Site "www.echecsemail.com"]
[Date "2019.09.04"]
[Round "1"]
[White "Malbertan"]
[Black "Estonia"]
[WhiteElo "2060"]
[BlackElo "2010"]
[Result "0-1"]
[Round "1"]
1.e4 e5
2.Ng1f3 Nb8c6
3.Bf1c4 Ng8f6
4.Nf3g5 d5
5.exd5 Nf6xd5
6.Ng5xf7 Kxf7
7.Qd1f3 Qd8f6
8.Bc4xd5 Ke8
9.Bd5xc6 bxc6
10.Qf3e4 Bc8f5
11.Qe4c4 Qf6g6
12.g3 Ra8d8
13.d3 Qg6d6
14.Nb1c3 Bf5e6
15.Qc4a4 Bf8e7
16.Bc1e3 Kf7
17.Kd1 Rd8b8
18.Ra1b1 Be6g4
19.Kc1 Bg4f3
20.Rh1e1 c5
21.Qa4c4 Qd6e6
22.Qc4xe6 Kxe6
23.Nc3e4 Bf3xe4
24.dxe4 a5
25.c4 g5
26.Kc2 h5
27.Rb1d1 a4
28.Rd1d5 h4
29.Be3xc5 Be7xc5
30.Rd5xc5 Rh8h7
31.Rc5a5 hxg3
32.hxg3 Rh7h2
33.Re1f1 Rb8b4
34.Kc3 Rb4b6
35.Ra5xa4 c5
36.a3 Rh2h8
37.b4 cxb4
38.axb4 Rh8c8
39.c5 g4
40.Kb3 Rc8xc5
41.Ka3 Rc5c4
42.f4 Rc4c3
43.Kb2 Rc3xg3
44.f5 Kf6
45.Rf1h1 Kg5
46.Rh1h8 Rg3e3
47.Rh8g8 Kf4
{ resign }
0-1

[Event "Tourn. n10156"]
[Site "www.echecsemail.com"]
[Date "2019.09.04"]
[Round "1"]
[White "Szustan"]
[Black "Numanoid"]
[WhiteElo "2620"]
[BlackElo "2770"]
[Result "1/2-1/2"]
[Round "1"]
1.e4 e6
2.d4 d5
3.Nb1c3 Bf8b4
4.e5 b6
5.Qd1g4 Bb4f8
6.Ng1f3 Ng8e7
7.Bc1g5 Qd8d7
8.h4 h5
9.Qg4f4 c5
10.Bf1b5 Nb8c6
11.O-O a6
12.Bb5xc6 Ne7xc6
13.Rf1e1 Bc8b7
14.Nc3e2 Nc6e7
15.c3 Ne7g6
16.Qf4d2 a5
17.Ne2f4 Ng6xf4
18.Bg5xf4 Bb7a6
19.a4 Ba6c4
20.Qd2c2 Ra8c8
21.g3 Qd7b7
22.Bf4g5 Bc4a6
23.Qc2d1 Ba6c4
24.Kg2 Bc4a6
25.Qd1d2 Ba6c4
26.Qd2c2 Bc4a6
27.Ra1c1 Ba6c4
28.b3 Bc4a6
29.Qc2d2 Qb7a7
30.Rc1b1 { draw }
1/2-1/2

[Event "Tourn. n10162"]
[Site "www.echecsemail.com"]
[Date "2019.09.05"]
[Round "1"]
[White "Numanoid"]
[Black "Fantomas"]
[WhiteElo "2780"]
[BlackElo "2230"]
[Result "1-0"]
[Round "1"]
1.d4 d5
2.c4 e6
3.Nb1c3 Ng8f6
4.cxd5 exd5
5.Bc1g5 Bf8e7
6.e3 O-O
7.Bf1d3 h6
8.Bg5h4 c6
9.Qd1c2 Nf6g4
10.Bh4xe7 Qd8xe7
11.Ng1f3 Bc8e6
12.O-O Nb8d7
13.Ra1b1 Rf8e8
14.b4 a6
15.a4 Ra8c8
16.a5 Nd7f8
17.Nc3a4 Nf8d7
18.Na4c5 Nd7xc5
19.bxc5 Ng4f6
20.h3 Rc8c7
21.Rb1b2 Be6c8
22.Nf3e5 Nf6d7
23.f4 Nd7xe5
24.fxe5 Qe7g5
25.Rf1f3 h5
26.Qc2f2 g6
27.Rb2b1 Bc8e6
28.Rb1f1 Re8e7
29.Kh2 Qg5h6
30.Rf3g3 Kh7
31.Qf2f6 Qh6g7
32.Qf6h4 Kg8
33.Rf1f6 { resign }
1-0

[Event "Match"]
[Site "www.echecsemail.com"]
[Date "2019.09.05"]
[Round "1"]
[White "Ztornad"]
[Black "Hundegana"]
[WhiteElo "1940"]
[BlackElo "2020"]
[Result "0-1"]
[Round "1"]
1.e4 c5
2.Bf1c4 e6
3.e5 Nb8c6
4.Ng1f3 Qd8c7
5.Qd1e2 Ng8e7
6.Nb1c3 a6
7.b3 Nc6b4
8.d4 cxd4
9.Nf3xd4 Ne7g6
10.f4 Ng6e7
11.Bc1a3 a5
12.Nc3b5 Qc7b6
13.Qe2d2 Ne7c6
14.Ba3b2 Bf8c5
15.c3 Nc6xd4
16.cxb4 Bc5xb4
17.Bb2c3 Bb4xc3
18.Nb5xc3 O-O
19.O-O-O Nd4c6
20.Nc3a4 Qb6c7
21.Rh1e1 Ra8b8
22.Na4c3 b5
23.Bc4d3 g6
24.f5 Nc6xe5
25.Kb2 Ne5c4
26.bxc4 bxc4
27.Kc2 cxd3
28.Qd2xd3 exf5
29.Re1h1 Bc8b7
30.Qd3d2 Bb7e4
31.Qd2d3 Be4xd3
32.Kxd3 Rf8e8
33.Kc2 Re8e2
34.Kd3 Re2xg2
35.Nc3d5 Qc7c2
36.Kd4 Qc2e4
37.Kc5 Rg2c2
38.Nd5c3 Rc2xc3
39.Kd6 Qe4e6
{ resign }
0-1

[Event "Match"]
[Site "www.echecsemail.com"]
[Date "2019.09.05"]
[Round "1"]
[White "Apdash"]
[Black "Virgil08bv"]
[WhiteElo "2160"]
[BlackElo "2660"]
[Result "0-1"]
[Round "1"]
1.d4 Ng8f6
2.c4 e6
3.Ng1f3 b6
4.Bc1g5 Bc8b7
5.e3 Bf8e7
6.Nb1c3 O-O
7.Bf1e2 d5
8.O-O Nb8d7
9.cxd5 Nf6xd5
10.Bg5xe7 Qd8xe7
11.Qd1c2 c5
12.dxc5 Nd5xc3
13.Qc2xc3 Nd7xc5
14.Nf3d4 Nc5e4
15.Qc3d3 e5
16.Nd4f5 Qe7e6
17.Be2g4 h5
18.Bg4h3 Ne4g5
19.e4 Bb7xe4
20.Qd3e3 Ng5xh3
21.Qe3xh3 Qe6xf5
22.Qh3e3 h4
23.Rf1e1 Be4b7
24.f3 Ra8c8
25.Qe3xe5 Qf5g6
26.Qe5f4 Rc8c2
27.g4 h3
28.Re1e7 Rc2g2
29.Kf1 Qg6d3
{ resign }
0-1

[Event "Tourn. n10203"]
[Site "www.echecsemail.com"]
[Date "2019.09.05"]
[Round "1"]
[White "Iko"]
[Black "Hansen"]
[WhiteElo "1800"]
[BlackElo "1770"]
[Result "0-1"]
[Round "1"]
1.e4 d5
2.Nb1c3 f5
3.exd5 e5
4.Bf1c4 Ng8f6
5.Ng1f3 Qd8e7
6.O-O e4
7.Nf3d4 c5
8.Nd4xf5 Qe7e5
9.g4 Bc8xf5
10.gxf5 Qe5xf5
11.Nc3b5 Kd8
12.a4 a6
13.Nb5c3 Qf5g5
14.Kh1 Bf8d6
15.d3 Qg5h4
16.dxe4 Qh4xh2

0-1

[Event "Tourn. n10163"]
[Site "www.echecsemail.com"]
[Date "2019.09.05"]
[Round "1"]
[White "Juantonio"]
[Black "Amaya"]
[WhiteElo "1920"]
[BlackElo "2060"]
[Result "0-1"]
[Round "1"]
1.e4 e6
2.Ng1f3 Ng8f6
3.e5 Nf6d5
4.d4 c5
5.c3 Nb8c6
6.Nb1a3 cxd4
7.cxd4 a6
8.Na3c2 Qd8a5
9.Bc1d2 Nc6b4
10.a3 Nb4xc2
11.Qd1xc2 Bf8b4
12.Bf1d3 Bb4xd2
13.Qc2xd2 Qa5d8
14.O-O O-O
15.Qd2c2 h6
16.Bd3e4 Nd5b6
17.Ra1c1 f5
18.Be4d3 Qd8e8
19.Qc2b3 Nb6d5
20.g3 b5
21.Rf1d1 Bc8b7
22.Bd3f1 Nd5b6
23.Nf3e1 Qe8h5
24.Bf1g2 Bb7xg2
25.Kxg2 f4
26.Qb3f3 Qh5g5
27.Ne1d3 fxg3
28.Qf3xg3 Qg5f5
29.Rd1e1 Nb6d5
30.Kg1 Ra8c8
31.Re1d1 Nd5b6
32.b3 Nb6d5
33.Rd1e1 Nd5c3
34.Rc1c2 Nc3e4
{ resign }
0-1

[Event "Tourn. n10118"]
[Site "www.echecsemail.com"]
[Date "2019.09.05"]
[Round "1"]
[White "Osopanda"]
[Black "Passaroa25"]
[WhiteElo "1490"]
[BlackElo "1700"]
[Result "1-0"]
[Round "1"]
1.e4 Nb8c6
2.d4 e6
3.Ng1f3 Bf8e7
4.c4 Be7b4
5.Nb1c3 Ng8e7
6.Bf1d3 Bb4a5
7.O-O Ne7g6
8.e5 O-O
9.a3 Ba5xc3
10.bxc3 b6
11.Bc1g5 Qd8e8
12.h4 h6
13.Bg5e3 f5
14.exf6 Rf8xf6
15.h5 Ng6h8
16.d5 Nc6e7
17.Nf3e5 Nh8f7
18.Ne5xf7 Qe8xf7
19.dxe6 dxe6
20.c5 Ne7d5
21.Be3d4 Rf6f4
22.cxb6 cxb6
23.Bd4e5 Rf4h4
24.c4 Nd5f4
25.Bd3e4 Nf4xh5
26.f3 Nh5f6
27.Be5g3 Rh4h5
28.Be4xa8 Bc8a6
29.Qd1d8 Nf6e8
30.Ba8c6 Qf7f6
31.Qd8xe8 Qf6f8
32.Qe8xh5 Ba6xc4
33.Rf1d1 g5
34.Rd1d7 a5
35.Qh5g6 { resign }
1-0

[Event "Tourn. n10166"]
[Site "www.echecsemail.com"]
[Date "2019.09.05"]
[Round "1"]
[White "Francesco"]
[Black "Tartan"]
[WhiteElo "2220"]
[BlackElo "2500"]
[Result "0-1"]
[Round "1"]
1.e4 c5
2.c3 Ng8f6
3.e5 Nf6d5
4.d4 cxd4
5.cxd4 e6
6.Ng1f3 d6
7.Bf1b5 Bc8d7
8.Bb5xd7 Nb8xd7
9.O-O Qd8c7
10.Rf1e1 dxe5
11.dxe5 Bf8c5
12.a3 Ra8c8
13.b4 Bc5b6
14.Nb1d2 O-O
15.Bc1b2 Qc7c2
16.Ra1b1 Qc2g6
17.Nd2e4 f5
18.exf6 Nd7xf6
19.Nf3e5 Qg6f5
20.Ne4xf6 Nd5xf6
21.Ne5f3 Rf8d8
22.Qd1b3 Nf6e4
23.Re1e2 Bb6xf2
24.Re2xf2 Ne4xf2
25.Kxf2 Rd8d3
26.Qb3a2 Rc8c2
27.Kg1 Rc2xg2
28.Kxg2 Qf5xf3
29.Kg1 Qf3g4
30.Kh1 Rd3d2
31.Rb1g1 Qg4f3
32.Rg1g2 Qf3xg2
{ resign }
0-1

[Event "Match"]
[Site "www.echecsemail.com"]
[Date "2019.09.05"]
[Round "1"]
[White "Sonny1000"]
[Black "Chessdna"]
[WhiteElo "1520"]
[BlackElo "1600"]
[Result "0-1"]
[Round "1"]
1.d4 d5
2.Nb1c3 c6
3.Ng1f3 e6
4.b3 h6
5.g3 Bf8d6
6.a3 Nb8d7
7.h4 e5
8.e3 e4
9.Nf3h2 h5
10.Rh1g1 Nd7f6
11.Nc3a4 b5
12.Na4c5 Bd6xc5
13.dxc5 a5
14.Qd1d4 Qd8e7
15.Bc1b2 Rh8h7
16.a4 b4
17.f4 Nf6d7
18.c4 Ng8f6
19.Rg1h1 Nd7xc5
20.Ke2 Nc5xb3
21.Qd4b6 Nf6d7
22.Qb6c7 Nb3xa1
23.Bb2xa1 Qe7c5
24.Kd2 dxc4
25.Ba1d4 c3
26.Kc2 b3
27.Kxb3 Qc5b4
28.Ka2 Qb4b2
{ resign }
0-1

[Event "Tourn. n10141"]
[Site "www.echecsemail.com"]
[Date "2019.09.05"]
[Round "1"]
[White "Esperanza"]
[Black "Andychesston"]
[WhiteElo "2060"]
[BlackElo "1980"]
[Result "1-0"]
[Round "1"]
1.e4 e5
2.Ng1f3 Nb8c6
3.Bf1c4 Bf8e7
4.O-O d6
5.c3 Ng8f6
6.d3 Bc8g4
7.Bc4b3 O-O
8.Nb1d2 Kh8
9.Rf1e1 Nf6g8
10.Nd2f1 f5
11.exf5 Bg4xf5
12.Nf1g3 Nc6a5
13.Bb3c2 Bf5g4
14.Ng3f1 Bg4xf3
15.gxf3 Be7h4
16.Nf1g3 Rf8f6
17.Re1e4 Rf6g6
18.Re4g4 Qd8f6
19.Qd1e2 Ra8f8
20.Kg2 Rg6xg4
21.fxg4 Bh4xg3
22.fxg3 Qf6e6
23.Bc1e3 Ng8f6
24.g5 Nf6g4
25.Be3g1 Na5c6
26.h3 Qe6d5
27.Qe2e4 Qd5f7
28.Qe4xg4 Nc6e7
29.Qg4e2 Qf7d5
30.Kh2 c5
31.Ra1f1 Rf8e8
32.Bc2b3 Qd5c6
33.Qe2f3 Qc6c8
34.d4 Ne7g6
35.h4 e4
36.Qf3e2 b6
37.Bb3f7 Re8f8
38.Bf7xg6 hxg6
39.Rf1xf8 Qc8xf8
40.Qe2xe4 Qf8f7
41.h5 gxh5
42.g6 Qf7f8
43.Qe4d5 Qf8d8
44.Qd5xh5 Kg8
45.Qh5h7 Kf8
46.Qh7h8 Ke7
47.Qh8xg7 { resign }
1-0

[Event "Match"]
[Site "www.echecsemail.com"]
[Date "2019.09.05"]
[Round "1"]
[White "Bojan"]
[Black "Ssharp"]
[WhiteElo "2040"]
[BlackElo "2340"]
[Result "0-1"]
[Round "1"]
1.e4 e5
2.Ng1f3 Nb8c6
3.b3 Bf8c5
4.Bc1b2 d6
5.h3 Ng8f6
6.Nb1c3 a6
7.Nc3d5 Nf6xe4
8.Nd5e3 Ne4f6
9.a3 O-O
10.d3 h6
11.Nf3h2 Nf6h7
12.Qd1f3 f5
13.Qf3d5 Kh8
14.b4 Nh7f6
15.Qd5b3 Bc5a7
16.c3 Ba7xe3
17.fxe3 Nf6h5
18.Nh2f3 Nh5g3
19.Rh1g1 e4
20.dxe4 fxe4
21.Nf3d2 Qd8f6
22.O-O-O Bc8e6
23.Bf1c4 Ng3e2
24.Kc2 Be6xc4
25.Qb3xc4 Ne2xg1
26.Rd1xg1 Ra8e8
27.Rg1f1 Qf6g6
28.g4 Rf8xf1
29.Qc4xf1 Nc6e5
30.c4 Ne5f3
31.Qf1g2 Nf3e1
{ resign }
0-1

[Event "1/128 Finale"]
[Site "www.chess-mail.com"]
[Date "2019.09.05"]
[Round "1"]
[White "Passaroa25"]
[Black "Cal"]
[WhiteElo "1750"]
[BlackElo "1750"]
[Result "1-0"]
[Round "1"]
1.Ng1f3 d5
2.d4 h6
3.c3 Ng8f6
4.Nb1d2 a6
5.e3 e6
6.Bf1e2 Nb8c6
7.O-O b5
8.Nf3e5 Nc6xe5
9.dxe5 Nf6d7
10.f4 c5
11.Nd2b3 Bf8e7
12.Bc1d2 Bc8b7
13.Be2f3 O-O
14.Nb3c1 c4
15.b4 a5
16.Nc1e2 f6
17.Ne2d4 fxe5
18.Nd4xe6 Qd8e8
19.Ne6xf8 Qe8xf8
20.Bf3g4 Nd7f6
21.Bg4e6 Kh8
22.Be6f5 e4
23.a3 a4
24.g4 Qf8f7
25.g5 Nf6h5
26.Bf5d7 Qf7g6
27.Bd7xb5 Bb7c8
28.Rf1f2 hxg5
29.Rf2g2 g4
30.Bd2e1 Bc8e6
31.Be1f2 Be6f5
32.Bf2g3 Kh7
33.Qd1xd5 Ra8d8
34.Qd5xc4 Nh5f6
35.Bb5xa4 Nf6d5
36.Rg2e2 Bf5e6
37.Qc4b3 Be7f6
38.Ra1c1 Qg6h5
39.h4 Nd5c7
40.c4 Bf6xh4
41.Re2h2 Rd8d3
42.Rh2xh4 Qh5xh4
43.Bg3xh4 Rd3xb3
44.Ba4xb3 Nc7e8
45.Bh4e7 g3
46.Rc1d1 g6
47.Be7h4 Ne8g7
48.Bh4xg3 Ng7f5
49.Bg3f2 Kh6
50.Rd1d8 g5
51.Rd8h8 Kg7
52.Rh8h2 Nf5h4
53.fxg5 Nh4f3
54.Kg2 Nf3xg5
55.Kg3 Ng5f3
56.Rh2h5 Nf3d2
57.Bb3c2 Kg6
58.Rh5h1 Nd2xc4
59.Bc2xe4 Kg5
60.a4 Nc4d2
61.Be4c2 Nd2c4
62.Rh1h4 Nc4d2
63.Kg2 Be6d5
64.Kh3 Nd2f3
65.Rh4g4 Kf6
66.Rg4g6 Kf7
67.Kg3 Nf3e5
68.Rg6a6 Ne5c4
69.Bc2g6 Kg7
70.a5 Nc4d2
71.Kf4 Bd5c4
72.Ra6c6 Bc4b5
73.Rc6b6 Bb5c4
74.a6 Nd2b3
75.Bg6e4 Kf8
76.a7 Nb3d2
77.a8Q Kg7
78.Rb6g6 Kf7
79.Qa8a7 Kf8
80.Qa7g7 Ke8
81.Be4c6 Kd8
82.Qg7d7 { resign }
1-0

[Event "Tourn. n10165"]
[Site "www.echecsemail.com"]
[Date "2019.09.06"]
[Round "1"]
[White "Ssharp"]
[Black "Jerome"]
[WhiteElo "2330"]
[BlackElo "2369"]
[Result "0-1"]
[Round "1"]
1.e4 c5
2.c3 Ng8f6
3.e5 Nf6d5
4.d4 cxd4
5.cxd4 d6
6.Bf1c4 Nd5b6
7.Bc4b5 Bc8d7
8.e6 fxe6
9.Bb5d3 g6
10.Qd1g4 Bf8g7
11.Ng1f3 Nb8c6
12.Qg4h4 Nc6b4
13.Ke2 Nb4xd3
14.Kxd3 Nb6d5
15.Nb1c3 Qd8a5
16.Bc1h6 O-O
17.Nc3xd5 exd5
18.Bh6xg7 Kxg7
19.Qh4xe7 Rf8f7
20.Qe7xd6 Qa5b5
21.Ke3 Ra8e8
22.Nf3e5 Qb5xb2
{ resign }
0-1

[Event "Tourn. n10206"]
[Site "www.echecsemail.com"]
[Date "2019.09.06"]
[Round "1"]
[White "Apdash"]
[Black "Tevere"]
[WhiteElo "2190"]
[BlackElo "2180"]
[Result "1-0"]
[Round "1"]
1.e4 e5
2.Ng1f3 Nb8c6
3.Bf1c4 Ng8f6
4.O-O Bf8c5
5.d3 h6
6.Qd1e2 d6
7.Bc1e3 Bc5xe3
8.Qe2xe3 a6
9.Nb1d2 Bc8d7
10.c3 Nc6a5
11.d4 Na5xc4
12.Nd2xc4 Nf6g4
13.Qe3d2 Bd7b5
14.b3 O-O
15.h3 Ng4f6
16.Rf1e1 { resign }
1-0

[Event "Tourn. n10043"]
[Site "www.echecsemail.com"]
[Date "2019.09.06"]
[Round "1"]
[White "Rons"]
[Black "Jaroslavpech"]
[WhiteElo "2690"]
[BlackElo "2600"]
[Result "0-1"]
[Round "1"]
1.e4 e6
2.d4 d5
3.Nb1c3 Bf8b4
4.e5 c5
5.a3 Bb4xc3
6.bxc3 Ng8e7
7.Qd1g4 O-O
8.Bf1d3 c4
9.Bc1h6 Ne7g6
10.Bd3xg6 fxg6
11.Bh6e3 Nb8c6
12.Ng1e2 Nc6e7
13.h4 Qd8e8
14.h5 h6
15.hxg6 Qe8xg6
16.Qg4xg6 Ne7xg6
17.Kd2 Bc8d7
18.Ra1b1 Ra8b8
19.g4 b5
20.Rb1g1 Bd7e8
21.Kc1 Rf8f3
22.g5 h5
23.Rg1g3 Rf3f8
24.Rg3h3 h4
25.Ne2g1 a5
26.Kd2 b4
27.axb4 axb4
28.cxb4 Rb8xb4
29.Ng1f3 Rb4a4
30.Nf3xh4 Ra4a2
31.Kc3 Ng6xh4
32.Rh3xh4 Be8g6
33.Rh4h8 Kf7
34.Rh8xf8 Kxf8
35.Rh1c1 Ke7
36.Be3f4 Bg6e4
37.Bf4h2 Kf7
38.Bh2f4 Kg6
39.Bf4d2 Kh5
40.f3 Be4xf3
41.Rc1b1 Kg6
42.Bd2c1 Bf3d1
43.Bc1b2 Bd1g4
44.Rb1h1 Bg4f5
45.Rh1g1 Bf5e4
46.Rg1g3 Kf5
47.g6 Kf4
48.Rg3g1 Be4f5
49.Rg1f1 Ke3
50.Rf1h1 Kf2
51.Rh1h2 Kf3
52.Rh2h1 Ra2a7
53.Rh1g1 Kf2
54.Rg1g5 Ra7a8
55.Rg5h5 Ra8g8
56.Rh5h2 Kf3
57.Bb2c1 Bf5xg6
58.Rh2h3 Kg2
59.Rh3h4 Bg6f5
60.Rh4h5 g6
61.Rh5g5 Kf2
62.Bc1a3 Rg8h8
63.Ba3c1 Rh8h2
64.Bc1d2 Rh2h1
65.Kb2 Kf3
66.Bd2a5 Rh1h2
67.Ka3 Rh2xc2
68.Rg5g1 Kf2
69.Rg1g5 Rc2c1
70.Ba5d2 Rc1b1
71.Ka4 Rb1b2
72.Bd2c3 Rb2b3
{ resign }
0-1

[Event "Tourn. n10139"]
[Site "www.echecsemail.com"]
[Date "2019.09.06"]
[Round "1"]
[White "Osopanda"]
[Black "Vasylpuzanov"]
[WhiteElo "1490"]
[BlackElo "1340"]
[Result "1-0"]
[Round "1"]
1.e4 e5
2.Ng1f3 Nb8c6
3.Bf1c4 Bf8c5
4.O-O Ng8f6
5.Nb1c3 d6
6.d3 h6
7.Bc1e3 Bc5b6
8.h3 Bc8e6
9.Nc3d5 O-O
10.c3 Bb6xe3
11.fxe3 a6
12.Nd5xf6 Qd8xf6
13.Bc4d5 Ra8b8
14.d4 Rb8d8
15.Qd1b3 Be6xd5
16.exd5 Nc6a5
17.Qb3a4 b6
18.b4 Na5c4
19.e4 Qf6f4
20.Qa4c6 Nc4e3
21.Rf1f2 Qf4xe4
22.Ra1e1 Qe4xd5
23.Qc6xd5 Ne3xd5
24.dxe5 Nd5xc3
{ time. }
1-0

[Event "Tourn. n10206"]
[Site "www.echecsemail.com"]
[Date "2019.09.06"]
[Round "1"]
[White "Add"]
[Black "Tevere"]
[WhiteElo "2070"]
[BlackElo "2180"]
[Result "1-0"]
[Round "1"]
1.e4 e5
2.Bf1c4 Ng8f6
3.Nb1c3 Nb8c6
4.Ng1f3 Nf6xe4
5.Bc4xf7 Kxf7
6.Nc3xe4 d5
7.Ne4g5 Kg8
8.d3 h6
9.Ng5h3 Bc8xh3
10.gxh3 { resign }
1-0